Le elezioni e il broglio nella repubblica romana : (Record no. 68717)

MARC details
000 -LEADER
campo de control de longitud fija 00527nam a22001695i 4500
001 - NÚMERO DE CONTROL
campo de control 68717
003 - IDENTIFICADOR DE NÚMERO DE CONTROL
campo de control ES-MaACL
005 - FECHA Y HORA DE LA ÚLTIMA TRANSACCIÓN
campo de control 20230906170338.0
007 - CAMPO FIJO DE DESCRIPCIÓN FÍSICA--INFORMACIÓN GENERAL
campo de control de longitud fija t|
008 - DATOS DE LONGITUD FIJA--INFORMACIÓN GENERAL
campo de control de longitud fija 960826s1879 it ||||1| ita d
100 1# - ENTRADA PRINCIPAL--NOMBRE DE PERSONA
Nombre de persona Gentile, Iginio.
9 (RLIN) 56358
245 13 - MENCIÓN DEL TÍTULO
Título Le elezioni e il broglio nella repubblica romana :
Resto del título studio di storia /
Mención de responsabilidad, etc. del prof. Iginio Gentile.
260 ## - PUBLICACIÓN, DISTRIBUCIÓN, ETC.
Lugar de publicación, distribución, etc. Napoli :
Nombre del editor, distribuidor, etc. Ulrico Hoepli,
Fecha de publicación, distribución, etc. 1879 (
Fabricante G. Bernardoni)
300 ## - DESCRIPCIÓN FÍSICA
Extensión XV, 311 p. ;
Dimensiones 19 cm.
650 #4 - PUNTO DE ACCESO ADICIONAL DE MATERIA--TÉRMINO DE MATERIA
Término de materia o nombre geográfico como elemento de entrada Política-
Subdivisión geográfica Roma.
9 (RLIN) 173294
852 ## - LOCALIZACIÓN
Ubicación ES-MaACL
Número de control de estantería G-7413
Holdings
Estatus retirado Estado de pérdida Estado de daño No para préstamo Colección Biblioteca de origen Biblioteca actual Ubicación en estantería Fecha de adquisición Fuente de adquisición Total de préstamos Signatura topográfica completa Código de barras Visto por última vez Precio de reemplazo Tipo de ítem Koha
        Libros del s. XIX Biblioteca del Ateneo de Madrid Biblioteca del Ateneo de Madrid Depósito 2 17/01/2008     G-7413 1071946 23/02/2023 23/02/2023 Libro impreso antiguo